[Event "Let's Play Chess!"]
[Site "http://www.queenalice.com/game.php?id=482060"]
[Date "2008.10.24"]
[Round "-"]
[White "filomenos"]
[Black "grekohs"]
[Result "0-1"]
[WhiteElo "1780"]
[BlackElo "1845"]

1. d4 d5 2. Nc3 Nf6 3. g3 e6 4. Nf3 Nbd7 5. Bg2 c5 6. Bf4 cxd4 7. Nxd4 e5 8.
Bxe5 Nxe5 9. O-O Be7 10. Nf3 Nc6 11. e3 O-O 12. Qe2 Re8 13. a3 Bg4 14. Qd3 Qb6
15. b4 Rad8 16. Ng5 Ne5 17. Qd4 Qxd4 18. exd4 Nc4 19. Nf3 Bxf3 20. Bxf3 Nd2 21.
Bg2 Nxf1 22. Kxf1 Ne4 23. Nxe4 dxe4 24. Bxe4 Bxb4 25. axb4 Rxe4 26. c3 a6 27. f4
Rc8 28. Rc1 Rxd4 29. Ke2 Rxb4 0-1

[Event "Challenge"]
[Site "http://www.queenalice.com/game.php?id=484023"]
[Date "2008.10.27"]
[Round "-"]
[White "JCOELHO"]
[Black "grekohs"]
[Result "0-1"]
[WhiteElo "1887"]
[BlackElo "1957"]

1. e4 e5 2. Nf3 Nc6 3. Nc3 Nf6 4. Bb5 Bb4 5. O-O d6 6. Nd5 Ba5 7. Ng5 O-O 8. d3
Nd4 9. Bc4 c6 10. Nxf6+ Qxf6 11. h4 h6 12. Bxf7+ Rxf7 13. Nxf7 Qxh4 14. Nxd6 Bg4
15. g3 Qh3 16. f3 Qxg3+ 17. Kh1 Nxf3 18. Bd2 Qh2# 0-1

[Event "Challenge"]
[Site "http://www.queenalice.com/game.php?id=484024"]
[Date "2008.10.27"]
[Round "-"]
[White "grekohs"]
[Black "JCOELHO"]
[Result "1-0"]
[WhiteElo "2115"]
[BlackElo "1887"]

1. d4 d5 2. Nf3 Nc6 3. c4 Nf6 4. Nc3 Bg4 5. e3 e5 6. cxd5 Nxd5 7. Be2 Bb4 8. Qc2
g6 9. O-O exd4 10. Nxd4 Nxd4 11. exd4 Bxc3 12. bxc3 Qd7 13. Bxg4 Qxg4 14. Re1+
Ne7 15. Ba3 O-O-O 16. Rxe7 f5 17. Qa4 a6 18. Qc4 c6 19. Qe6+ Kb8 20. Rxb7+ Kxb7
21. Rb1+ Ka7 22. Bc5+ Ka8 23. Qxc6# 1-0

[Event "Challenge"]
[Site "http://www.queenalice.com/game.php?id=490858"]
[Date "2008.11.9"]
[Round "-"]
[White "ZUMBI"]
[Black "grekohs"]
[Result "0-1"]
[WhiteElo "1807"]
[BlackElo "2085"]

1. e4 e5 2. Nf3 Nf6 3. Nxe5 d6 4. Nc4 Nxe4 5. d3 Nf6 6. Nc3 Be7 7. Bf4 d5 8. Nb5
Na6 9. Ne5 c6 10. Nd4 O-O 11. Be2 Re8 12. Bh5 g6 13. Be2 Bd6 14. Nxf7 Kxf7 15.
Bg5 c5 16. Nb5 Qa5+ 17. Nc3 d4 18. Bd2 dxc3 19. Bxc3 Qd8 20. O-O Nd5 21. Bd2 Nf4
22. Bf3 Qg5 23. g3 Qh6 24. Bxf4 Bxf4 25. gxf4 Qxf4 26. Bd5+ Kg7 27. Bg2 Re5 28.
c4 Rg5 29. Re1 Bh3 30. f3 Rxg2+ 31. Kh1 Qxh2# 0-1

[Event "Challenge"]
[Site "http://www.queenalice.com/game.php?id=490859"]
[Date "2008.11.9"]
[Round "-"]
[White "grekohs"]
[Black "ZUMBI"]
[Result "1-0"]
[WhiteElo "2077"]
[BlackElo "1790"]

1. d4 d5 2. Nf3 Nf6 3. c4 Nc6 4. Nc3 Bg4 5. e3 g6 6. cxd5 Nxd5 7. Bc4 e6 8. O-O
Qf6 9. Nxd5 exd5 10. Bxd5 O-O-O 11. Bxc6 Qxc6 12. Bd2 h5 13. Rc1 Qe4 14. Qc2
Qxc2 15. Rxc2 f5 16. Ne5 Rd5 17. Rfc1 c6 18. f3 Bxf3 19. gxf3 h4 20. e4 fxe4 21.
fxe4 Rxd4 22. Bc3 Rxe4 23. Nxc6 Rg8 24. Ne5 Bc5+ 25. Bd4 Rxe5 26. Bxc5 Kb8 27.
Bd6+ Ka8 28. Rc8+ Rxc8 29. Rxc8# 1-0

[Event "Challenge"]
[Site "http://www.queenalice.com/game.php?id=490942"]
[Date "2008.11.10"]
[Round "-"]
[White "bugeyewrx"]
[Black "grekohs"]
[Result "1-0"]
[WhiteElo "2049"]
[BlackElo "2039"]

1. Nf3 d5 2. g3 c6 3. Bg2 Nf6 4. O-O Nbd7 5. d3 e6 6. Nbd2 Qc7 7. b3 Bd6 8. c4
Ne5 9. cxd5 Nxf3+ 10. Nxf3 exd5 11. Bg5 Bg4 12. h3 Bxf3 13. exf3 O-O-O 14. Be3
Kb8 15. Qd2 Rhe8 16. f4 Bf8 17. Bd4 c5 18. Rfc1 Qb6 19. Be5+ Bd6 20. Bxf6 gxf6
21. Bxd5 Qc7 22. Be4 Rxe4 23. dxe4 Be5 24. Qe2 Bxa1 25. Rxa1 Rg8 26. e5 Re8 27.
Qb5 Rg8 28. Rc1 b6 29. b4 Ka8 30. bxc5 fxe5 31. fxe5 Kb7 32. c6+ Kb8 33. Rd1 Re8
34. Rd6 f6 35. Rxf6 Qxe5 36. Qa6 Qc7 37. Rd6 Re7 38. Rf6 Qc8 39. Qa3 Qd8 40. Kh2
h5 41. Qd6+ Qxd6 42. Rxd6 Re2 43. Kg2 Rxa2 44. Kf3 1-0

[Event "Challenge"]
[Site "http://www.queenalice.com/game.php?id=491579"]
[Date "2008.11.11"]
[Round "-"]
[White "grekohs"]
[Black "KLEOJ"]
[Result "0-1"]
[WhiteElo "1992"]
[BlackElo "2049"]

1. d4 f5 2. Bg5 g6 3. Nf3 Bg7 4. h4 Nf6 5. c4 Ne4 6. Nc3 Nxg5 7. hxg5 e6 8. e4
b6 9. Qe2 O-O 10. O-O-O Bb7 11. Kb1 fxe4 12. Nxe4 d5 13. Nc3 Qe8 14. Qe3 c5 15.
Ne5 Bxe5 16. dxe5 d4 17. Qh3 Qf7 18. Nb5 Be4+ 19. Bd3 Bxd3+ 20. Rxd3 Nd7 21. Qh4
Nxe5 22. Rdh3 Qf5+ 23. Ka1 h5 24. gxh6 Nxc4 25. Rf3 Qc2 26. Rb1 Nd2 27. Rxf8+
Rxf8 28. Na3 Qf5 29. Rd1 Ne4 30. f3 Nf6 31. Nb5 Kh7 32. Nxa7 Ra8 33. Nb5 Ng8 34.
Re1 Qd5 35. Na3 Rd8 36. Rxe6 d3 37. Qg4 Qf5 38. Qxf5 gxf5 39. Re1 Kxh6 40. Rd1
Kg5 41. Nc4 Kf4 42. Nxb6 Ke3 43. Nc4+ Kd4 44. Nd2 c4 45. Kb1 Nf6 0-1

[Event "British"]
[Site "http://www.queenalice.com/game.php?id=496543"]
[Date "2008.11.21"]
[Round "-"]
[White "grekohs"]
[Black "Equiferus"]
[Result "0-1"]
[WhiteElo "2140"]
[BlackElo "2040"]

1. d4 f5 2. Bg5 h6 3. Bh4 g5 4. e3 Nf6 5. Bg3 Bg7 6. Nf3 d6 7. h4 g4 8. Nfd2 Be6
9. Bd3 Nc6 10. c4 d5 11. Nc3 Qd7 12. a3 dxc4 13. Nxc4 O-O-O 14. Ne5 Nxe5 15.
Bxe5 a6 16. Qc2 Qc6 17. Bxf5 Nh5 18. Bxg7 Nxg7 19. Bxe6+ Nxe6 20. Rc1 Qxg2 21.
Rf1 Rhf8 22. d5 g3 23. Ne4 gxf2+ 24. Nxf2 Qxd5 25. Rd1 Qf3 26. Rxd8+ Rxd8 27.
Qe4 Rd1+ 0-1

[Event "Let's Play Chess!"]
[Site "http://www.queenalice.com/game.php?id=500050"]
[Date "2008.11.29"]
[Round "-"]
[White "Carlos75"]
[Black "grekohs"]
[Result "1-0"]
[WhiteElo "2594"]
[BlackElo "1973"]

1. e4 c5 2. Nf3 d6 3. d4 cxd4 4. Nxd4 Nf6 5. Nc3 a6 6. Be2 e6 7. O-O Be7 8. f4
Nc6 9. Be3 Qc7 10. Qe1 O-O 11. Qg3 e5 12. fxe5 Nxe5 13. Nf5 Ng6 14. Bd4 Bxf5 15.
Rxf5 b5 16. Bd3 Ne5 17. Raf1 Nxd3 18. Nd5 Qd8 19. Nxf6+ Kh8 20. Rh5 Bxf6 21.
Rxf6 gxf6 22. Qh4 1-0

[Event "Let's Play Chess!"]
[Site "http://www.queenalice.com/game.php?id=500051"]
[Date "2008.11.29"]
[Round "-"]
[White "grekohs"]
[Black "Carlos75"]
[Result "0-1"]
[WhiteElo "2096"]
[BlackElo "2577"]

1. e4 e5 2. Nf3 Nc6 3. Bb5 a6 4. Ba4 Nf6 5. O-O Be7 6. c3 Nxe4 7. Re1 Nc5 8.
Bxc6 dxc6 9. Nxe5 Nd3 10. Qf3 Nxe5 11. Rxe5 Be6 12. d4 Qd7 13. Bf4 O-O-O 14. Nd2
Bd5 15. Qe3 Bd6 16. Rh5 Qg4 0-1

[Event "Let's Play Chess!"]
[Site "http://www.queenalice.com/game.php?id=500052"]
[Date "2008.11.29"]
[Round "-"]
[White "dnptrs"]
[Black "grekohs"]
[Result "1-0"]
[WhiteElo "2135"]
[BlackElo "2096"]

1. d4 d5 2. Nf3 c6 3. e3 Nf6 4. Bd3 Bg4 5. Nbd2 Nbd7 6. O-O e5 7. Be2 e4 8. Ne1
Bxe2 9. Qxe2 Bd6 10. c4 O-O 11. c5 Bc7 12. Rb1 h6 13. f3 Re8 14. f4 Nf8 15. a4
b6 16. b4 bxc5 17. bxc5 a5 18. g3 Qd7 19. Ng2 Qh3 20. Bb2 Ng6 21. Rfc1 Qf5 22.
Bc3 Ne7 23. Rb7 Rec8 24. Rcb1 g5 25. Nb3 gxf4 26. Nxf4 Bxf4 27. exf4 e3 28. Ra1
Qe4 29. Bxa5 Nf5 30. Bc3 Kh8 31. Rxf7 Rg8 32. Be1 Nh4 33. Rxf6 Nf3+ 34. Kf1 Nxd4
35. Qg2 e2+ 36. Kg1 Qxg2+ 37. Kxg2 Nxb3 38. Rb1 Nd4 39. a5 Kh7 40. Kf2 Rge8 41.
Bc3 Nc2 42. Rb7+ Kg8 43. Rg6+ Kf8 44. Rxh6 e1=Q+ 45. Bxe1 Re7 46. Rh8+ Kg7 47.
Rxe7+ Kxh8 48. Re2 Nxe1 49. Kxe1 Rxa5 50. Kd1 Rxc5 51. Rc2 Rxc2 52. Kxc2 c5 53.
Kd3 Kg7 54. g4 c4+ 55. Kd4 Kf6 56. h4 1-0

[Event "Let's Play Chess!"]
[Site "http://www.queenalice.com/game.php?id=500054"]
[Date "2008.11.29"]
[Round "-"]
[White "grekohs"]
[Black "dnptrs"]
[Result "1/2-1/2"]
[WhiteElo "2090"]
[BlackElo "2041"]

1. d4 Nf6 2. c4 e6 3. Nc3 d5 4. Nf3 Nbd7 5. cxd5 Nxd5 6. e4 Nxc3 7. bxc3 Be7 8.
Bd3 O-O 9. Qc2 g6 10. O-O Bd6 11. Qd2 Re8 12. Qh6 Bf8 13. Qh3 e5 14. Qg3 exd4
15. cxd4 Nc5 16. dxc5 Qxd3 17. Qxc7 Bg4 18. Ne5 Rxe5 19. Qxe5 Bg7 20. Qf4 Bxa1
21. Qxg4 Re8 22. Be3 Bc3 23. Rd1 Qxe4 24. Qxe4 Rxe4 25. Rd8+ Kg7 1/2-1/2

[Event "Let's Play Chess!"]
[Site "http://www.queenalice.com/game.php?id=500055"]
[Date "2008.11.30"]
[Round "-"]
[White "Rosberg"]
[Black "grekohs"]
[Result "1-0"]
[WhiteElo "2208"]
[BlackElo "2068"]

1. e4 e5 2. Nf3 Nc6 3. Bb5 a6 4. Ba4 Nf6 5. O-O Be7 6. Re1 b5 7. Bb3 d6 8. c3
Na5 9. Bc2 c5 10. d4 Qc7 11. Nbd2 O-O 12. d5 Nb7 13. Nf1 Bg4 14. Ng3 Rac8 15.
Be3 b4 16. cxb4 cxb4 17. Bd3 a5 18. Rc1 Qd7 19. h3 Bxf3 20. Qxf3 Nc5 21. Bxc5
dxc5 22. Nf5 Rfe8 23. Nxe7+ Rxe7 24. Ba6 Ra8 25. Bd3 Qd6 26. Bb5 a4 27. Bc6 Ra5
28. Qf5 Nd7 29. Re3 g6 30. Qg4 Nb6 31. a3 b3 32. Qh4 Nd7 33. Rf3 Kg7 34. g4 Nf6
35. Re3 Nd7 36. g5 f5 37. Qh6+ Kg8 38. exf5 1-0

[Event "Challenge"]
[Site "http://www.queenalice.com/game.php?id=504060"]
[Date "2008.12.6"]
[Round "-"]
[White "grekohs"]
[Black "no_master"]
[Result "0-1"]
[WhiteElo "2050"]
[BlackElo "2283"]

1. d4 Nf6 2. c4 e6 3. Nc3 Bb4 4. Nf3 O-O 5. e3 d5 6. Bd3 c5 7. a3 Bxc3+ 8. bxc3
Nc6 9. O-O Qc7 10. Qc2 Na5 11. cxd5 c4 12. Be2 exd5 13. Ne5 Ne4 14. f3 Nd6 15.
e4 Be6 16. Bf4 Qd8 17. exd5 Bxd5 18. Ng4 Be6 19. Ne3 b5 20. Rab1 Nb3 21. Bd1 a5
22. Qe2 a4 23. Bc2 Re8 24. Qf2 Qd7 25. g4 f6 26. Bxd6 Qxd6 27. Nf5 Qf4 28. Rfd1
Bd5 29. Kg2 Qxg4+ 30. Ng3 g6 0-1